00672nam a2200181 a 450000100100000000500170001000800410002702000150006804000250008308200140010824501750012226000320029730000210032953400510035070000270040170000260042870000360045400002307920200930021955.0101126s1983 ck r 000 | spa d a0861040724 aDO-SdBNPbspacBNPHU axxxbO13r14aLos obreros rusos contra la U.R.R.S. :btestimonios de trabajadores disidentes /crecopilados por Olga Semyonova y Viktor Haynes ; traducción Yolanda Martínez Cowley. a(Colombia) :bKosmo,c1983. a198 p. ;c21 cm. aTítulo original :tWorkers against the Gulag1 aSemyonova, Olgaecomp.1 aHaynes, Viktorecomp.1 aMartínez Cowley, Yolandaetr.